| 000 | 00566nam a22002177a 4500 | ||
|---|---|---|---|
| 003 | OSt | ||
| 005 | 20140310181922.0 | ||
| 008 | 130718t xxu||||| |||| 00| 0 eng d | ||
| 020 | _a9781405892315 | ||
| 050 |
_aHF 5351 _b.H174 2008 |
||
| 082 |
_aTR 658.002 _bH14 2008 |
||
| 100 |
_aHall, Dave _91789 |
||
| 245 |
_aBusiness studies / _cDave Hall. |
||
| 260 |
_aGreat Britaon : _bPearson, _cc2008. |
||
| 300 |
_a812 p. : _c27 cm. _bcol. ill. ; |
||
| 521 | _aFaculty | ||
| 541 | _j1 | ||
| 562 | _e1 | ||
| 650 | _2 Business | ||
| 942 |
_2lcc _cBK-TR _kTR |
||
| 999 |
_c7025 _d7025 |
||